[Event "51st World Juniors"]
[Site "Athens GRE"]
[Date "2012.08.11"]
[Round "9.19"]
[White "Soors, Stef"]
[Black "Salem, A.R. Saleh"]
[Result "0-1"]
[WhiteTitle "FM"]
[BlackTitle "GM"]
[WhiteElo "2364"]
[BlackElo "2546"]
[WhiteFideId "209511"]
[BlackFideId "9301348"]
[EventDate "2012.08.02"]

1. e4 c5 2. c3 d5 3. exd5 Qxd5 4. Nf3 Nc6 5. d4 Bf5 6. Be3 Nf6 7. Nbd2 cxd4 8.
Bc4 dxe3 9. Bxd5 exd2+ 10. Qxd2 O-O-O 11. c4 e6 12. Qf4 Bb4+ 13. Ke2 Bd6 14. Qg5
h6 15. Qxg7 Nh5 16. Qxf7 Nf4+ 17. Kd1 Rhf8 18. Qg7 exd5 19. c5 Ne6 20. Qc3 d4
21. Qc4 Nxc5 22. Rc1 Bd3 23. Qd5 Rf5 24. Rxc5 Rxd5 25. Rxd5 Be4 26. Rh5 Nb4 27.
Rh4 Nd3 28. Ke2 Re8 29. Rd1 Bxf3+ 30. Kxf3 Ne5+ 31. Ke4 Ng6+ 32. Kd5 Nxh4 33.
Kxd6 Re2 34. f4 Nf5+ 35. Kc5 Rc2+ 0-1

[Event "51st World Juniors"]
[Site "Athens GRE"]
[Date "2012.08.11"]
[Round "9.20"]
[White "Thavandiran, Shiyam"]
[Black "Rombaldoni, Axel"]
[Result "1-0"]
[WhiteTitle "FM"]
[BlackTitle "IM"]
[WhiteElo "2301"]
[BlackElo "2494"]
[WhiteFideId "2605058"]
[BlackFideId "815837"]
[EventDate "2012.08.02"]

1. c4 e5 2. g3 Nc6 3. Nc3 f5 4. Nf3 Nf6 5. d4 e4 6. Nh4 g6 7. Bg5 Bg7 8. Qd2 d6
9. Nd5 Nb8 10. Bh3 Be6 11. Nf4 Bf7 12. Bxf5 gxf5 13. Nxf5 Rg8 14. d5 Bh8 15. Nh6
Qe7 16. Nxg8 Bxg8 17. Qb4 b6 18. O-O Nbd7 19. Qa4 a6 20. Qc6 O-O-O 21. Qa8+ Nb8
22. a4 Qd7 23. a5 b5 24. Rac1 b4 25. c5 Qb5 26. c6 Re8 27. Rfd1 Ng4 28. Ne6 Bxb2
29. Rc5 dxc5 30. Nxc7 1-0

[Event "51st World Juniors"]
[Site "Athens GRE"]
[Date "2012.08.11"]
[Round "9.21"]
[White "Leiva, Giuseppe"]
[Black "Kanarek, Marcel"]
[Result "0-1"]
[WhiteTitle "FM"]
[BlackTitle "IM"]
[WhiteElo "2283"]
[BlackElo "2487"]
[WhiteFideId "3804399"]
[BlackFideId "1126822"]
[EventDate "2012.08.02"]

1. d4 Nf6 2. c4 g6 3. g3 Bg7 4. Bg2 O-O 5. Nc3 d6 6. Nf3 Nc6 7. O-O Bg4 8. h3
Bxf3 9. Bxf3 Nd7 10. e3 e5 11. d5 Ne7 12. Bg2 f5 13. Bd2 a5 14. Qc2 Nc5 15. Na4
e4 16. Nxc5 dxc5 17. Rfd1 Nc8 18. Rab1 Nd6 19. Bc3 Rf7 20. b3 h5 21. a3 b6 22.
Be1 h4 23. Kh2 Qg5 24. Qe2 Be5 25. Rbc1 Rh7 26. Rc2 Kf7 27. Rb1 Ne8 28. b4 axb4
29. axb4 Nf6 30. Kg1 hxg3 31. f4 exf3 32. Qxf3 Ra3 33. bxc5 bxc5 34. Re2 Ne4 35.
Qf1 Rh4 36. Rd1 Rxe3 37. Bd2 Nxd2 38. Rdxd2 Rd4 39. Rc2 Bf4 40. Bf3 g2 41. Rxg2
Qh4 42. Rcf2 Bg3 0-1

[Event "51st World Juniors"]
[Site "Athens GRE"]
[Date "2012.08.11"]
[Round "9.22"]
[White "Baron, Tal"]
[Black "Aggelis, Nikolaos"]
[Result "1-0"]
[WhiteTitle "GM"]
[BlackTitle "FM"]
[WhiteElo "2451"]
[BlackElo "2352"]
[WhiteFideId "2809958"]
[BlackFideId "4213220"]
[EventDate "2012.08.02"]

1. c4 Nf6 2. g3 d5 3. cxd5 Nxd5 4. Bg2 g6 5. Qa4+ Nc6 6. Nc3 Nb6 7. Bxc6+ bxc6
8. Qxc6+ Bd7 9. Qe4 Bg7 10. Nf3 O-O 11. O-O c5 12. d3 Rc8 13. Bg5 f6 14. Be3 e5
15. Qb7 Bc6 16. Qa6 Qd7 17. Ne4 c4 18. Bxb6 cxd3 19. Nc5 Qg4 20. Qxd3 axb6 21.
Qb3+ Kh8 22. Ne6 Ba4 23. Qd5 Bc6 24. Qd6 Rfe8 25. Nc7 e4 26. Qxc6 exf3 27. exf3
Qb4 28. Rad1 Qxb2 29. Rd7 f5 30. Qd5 Rg8 31. Re1 Qd4 32. Qf7 Rcf8 33. Qe6 Qf6
34. Qd5 Rd8 35. Kg2 Qd4 36. Ree7 Rxd7 37. Rxd7 Qxd5 38. Nxd5 Bd4 39. Ne7 Re8 40.
Nxf5 Bc5 41. Nd4 Bxd4 42. Rxd4 Re2 43. a3 Rb2 44. Rb4 Ra2 45. a4 Kg7 46. h4 h5
47. g4 Ra3 48. g5 Kf7 49. Kg3 Ra2 50. Kf4 Rxf2 51. Rxb6 Rh2 52. Rf6+ Kg7 53. Kg3
Ra2 54. Rf4 Kg8 55. Rb4 Kf7 56. Kf4 Ra3 57. Ke4 Ke7 58. f4 Rh3 59. Rb7+ Kf8 60.
Ke5 1-0

[Event "51st World Juniors"]
[Site "Athens GRE"]
[Date "2012.08.11"]
[Round "9.23"]
[White "Bajarani, Ulvi"]
[Black "Gemy, Jose Daniel"]
[Result "1-0"]
[WhiteTitle "IM"]
[BlackTitle "FM"]
[WhiteElo "2446"]
[BlackElo "2345"]
[WhiteFideId "13403028"]
[BlackFideId "3301478"]
[EventDate "2012.08.02"]

1. d4 d5 2. Nf3 c6 3. c4 Nf6 4. e3 a6 5. Nbd2 g6 6. h3 Bg7 7. Bd3 O-O 8. O-O Bf5
9. Bxf5 gxf5 10. Qb3 Ra7 11. Ne5 Nbd7 12. Ndf3 e6 13. Bd2 Ne4 14. Nxd7 Qxd7 15.
Bb4 Rc8 16. cxd5 exd5 17. Ne5 Bxe5 18. dxe5 a5 19. Be1 a4 20. Qc2 b6 21. f3 Nc5
22. Bb4 Nb7 23. e4 c5 24. Bd2 dxe4 25. fxe4 Qd4+ 26. Kh1 fxe4 27. Bc3 Qd3 28.
Qf2 Nd8 29. Rad1 e3 30. Qf6 1-0

[Event "51st World Juniors"]
[Site "Athens GRE"]
[Date "2012.08.11"]
[Round "9.24"]
[White "Bluebaum, Matthias"]
[Black "Wageih, Kareim"]
[Result "1-0"]
[WhiteTitle "IM"]
[BlackTitle "IM"]
[WhiteElo "2424"]
[BlackElo "2332"]
[WhiteFideId "24651516"]
[BlackFideId "10604561"]
[EventDate "2012.08.02"]

1. Nf3 d5 2. g3 Nf6 3. Bg2 Bf5 4. c4 c6 5. cxd5 cxd5 6. Qb3 Qc8 7. Nc3 e6 8. d3
h6 9. O-O Nc6 10. Bf4 g5 11. Be3 Be7 12. Rac1 O-O 13. Nd4 Nxd4 14. Bxd4 Qd7 15.
Rfd1 Rfc8 16. h3 Bg6 17. e4 Rd8 18. Bxf6 Bxf6 19. exd5 Bxc3 20. dxe6 Qxe6 21.
Rxc3 Qe5 22. Rc4 Bf5 23. d4 Qe2 24. Bf3 Qe6 25. g4 Bg6 26. Qc3 Rac8 27. b3 b5
28. d5 Qa6 29. Rc6 b4 30. Qf6 Qxa2 31. Rxc8 Rxc8 32. d6 Qa5 33. Bd5 Kh7 34. Bxf7
Bc2 35. Re1 Qd8 1-0

[Event "51st World Juniors"]
[Site "Athens GRE"]
[Date "2012.08.11"]
[Round "9.25"]
[White "Mazur, Stefan"]
[Black "Hernandez Sanchez, Jairo Andres"]
[Result "1-0"]
[WhiteTitle "IM"]
[BlackTitle "FM"]
[WhiteElo "2394"]
[BlackElo "2288"]
[WhiteFideId "14909332"]
[BlackFideId "4404017"]
[EventDate "2012.08.02"]

1. e4 c5 2. Nf3 g6 3. d4 cxd4 4. Nxd4 Bg7 5. Nc3 Nc6 6. Be3 Nf6 7. Bc4 Qa5 8.
O-O O-O 9. Bb3 d6 10. h3 Bd7 11. Re1 Rac8 12. Nd5 Qd8 13. Nb5 Qa5 14. Nxa7 Nxd5
15. Nxc6 bxc6 16. exd5 Bxb2 17. Bd2 Qd8 18. Bg5 Re8 19. Rb1 Bg7 20. Qf3 c5 21.
Bc4 Rb8 22. Rb3 Rxb3 23. cxb3 Bd4 24. a4 f6 25. Bd2 Kf7 26. Qf4 Qc8 27. Qh6 Kg8
28. h4 e5 29. dxe6 Bxe6 30. Bb5 Bd7 31. Bc4+ Be6 32. Rxe6 Rxe6 33. h5 Qe8 34.
hxg6 hxg6 35. a5 f5 36. a6 Kf7 37. a7 Qa8 38. Qh7+ Kf6 39. Qh4+ Kf7 40. Qh7+ Kf6
41. Bd5 Bxf2+ 42. Kh1 Qxd5 43. Qh8+ Kf7 44. a8=Q Qxa8 45. Qxa8 Re4 46. Qd5+ Kg7
47. g3 Bxg3 48. Bg5 Bh4 49. Qb7+ Kf8 50. Qb8+ Kf7 51. Qc7+ Ke6 52. Qc8+ Kd5 53.
Qa8+ Kd4 54. Qh8+ Kd3 55. Bxh4 Kc2 56. Bg3 Kxb3 57. Bxd6 c4 58. Qg8 Rg4 59. Be5
Kc2 60. Qa8 Kd3 61. Qf3+ Kd2 62. Qc3+ Ke2 63. Bd4 Kf1 64. Qf3+ 1-0

[Event "51st World Juniors"]
[Site "Athens GRE"]
[Date "2012.08.11"]
[Round "9.26"]
[White "Baghdasaryan, Vahe"]
[Black "Liodakis, Konstantinos-Spyros"]
[Result "1-0"]
[WhiteTitle "IM"]
[WhiteElo "2368"]
[BlackElo "2130"]
[WhiteFideId "13303139"]
[BlackFideId "4217136"]
[EventDate "2012.08.02"]

1. c4 e6 2. g3 d5 3. Bg2 c6 4. d4 Nf6 5. Nf3 dxc4 6. Nc3 b5 7. Ne5 Nd5 8. O-O
Bd6 9. a4 b4 10. Ne4 Bxe5 11. dxe5 O-O 12. Bg5 Qc7 13. Nd6 h6 14. Bc1 Ba6 15. e4
Ne7 16. f4 c5 17. f5 Nbc6 18. f6 Nxe5 19. fxe7 Qxe7 20. Bf4 Nd3 21. e5 Rad8 22.
Qg4 Kh8 23. Bxh6 f5 24. exf6 Rxf6 25. Rxf6 Qxf6 26. Bxg7+ Qxg7 27. Qh4+ 1-0

[Event "51st World Juniors"]
[Site "Athens GRE"]
[Date "2012.08.11"]
[Round "9.27"]
[White "Aghayev, Miragha"]
[Black "Gao, Rui"]
[Result "0-1"]
[BlackTitle "IM"]
[WhiteElo "2187"]
[BlackElo "2442"]
[WhiteFideId "818070"]
[BlackFideId "8602387"]
[EventDate "2012.08.02"]

1. e4 c5 2. c3 g6 3. d4 cxd4 4. cxd4 d5 5. exd5 Nf6 6. Bb5+ Nbd7 7. d6 exd6 8.
Nc3 Qe7+ 9. Nge2 Bg7 10. O-O O-O 11. Re1 Qd8 12. Nf4 Nb8 13. Qf3 Nc6 14. Bxc6
Bg4 15. Qd3 bxc6 16. b3 Bf5 17. Qc4 Qd7 18. Ba3 Rfe8 19. Nfe2 Ne4 20. Nxe4 Rxe4
21. f3 Re3 22. Ng3 Be6 23. Qa4 Rxe1+ 24. Rxe1 c5 25. dxc5 Qxa4 26. bxa4 Bd4+ 27.
Kh1 dxc5 28. Ne4 c4 29. Bb4 a5 30. Bc3 Bxc3 31. Nxc3 Rb8 32. Rb1 Rb4 33. Kg1 Bf5
34. Rxb4 axb4 35. Ne2 Kf8 36. Kf2 b3 37. axb3 cxb3 38. a5 b2 39. Nc3 b1=Q 40.
Nxb1 Bxb1 41. Ke3 Ke7 42. a6 Ba2 43. Kd4 Kd6 0-1

[Event "51st World Juniors"]
[Site "Athens GRE"]
[Date "2012.08.11"]
[Round "9.28"]
[White "Ivekovic, Zvonimir"]
[Black "Mihok, Oliver"]
[Result "1/2-1/2"]
[BlackTitle "IM"]
[WhiteElo "2320"]
[BlackElo "2456"]
[WhiteFideId "14511320"]
[BlackFideId "728012"]
[EventDate "2012.08.02"]

1. e4 e5 2. Nf3 Nc6 3. Bb5 a6 4. Ba4 Nf6 5. O-O Be7 6. Re1 b5 7. Bb3 d6 8. c3
O-O 9. h3 Nb8 10. d4 Nbd7 11. Nbd2 Bb7 12. Bc2 Re8 13. Nf1 Bf8 14. Ng3 g6 15. b3
c6 16. a4 Qc7 17. Bg5 Bg7 18. dxe5 dxe5 19. Qe2 Nc5 20. Be3 Nfd7 21. b4 Nxa4 22.
Bxa4 bxa4 23. Rxa4 a5 24. Rea1 axb4 25. cxb4 Nf8 26. Ra7 Ne6 27. Qc4 Rxa7 28.
Rxa7 Ra8 29. Rxa8+ Bxa8 30. Ne2 Bb7 31. Nc3 Qd7 32. Nd2 Qc8 33. b5 cxb5 34.
Qxc8+ Bxc8 35. Nxb5 Ba6 36. Nc3 Nd4 37. Nd5 f6 38. Nc7 Bb7 39. Ne8 Bh8 40. f3
Bc6 41. Nd6 Bg7 42. N6c4 Bf8 43. Kf2 Bc5 44. Na5 Ba4 45. Nac4 Kf7 46. g4 Ke6 47.
Kg2 h5 48. gxh5 gxh5 49. f4 exf4 50. Bxf4 Bc6 51. Kf1 Nb5 52. Na5 Ba8 53. Nab3
Ba7 54. Ke2 Nc3+ 55. Kd3 Nd1 56. Bg3 Nf2+ 57. Bxf2 Bxf2 58. Nf3 Bb7 59. Nbd4+
Kf7 60. Ke2 Bxd4 61. Nxd4 Bxe4 62. Ke3 Bg6 63. Kf4 Ke7 64. h4 Kd6 65. Nf5+ Ke6
66. Nd4+ Ke7 67. Nc6+ 1/2-1/2

[Event "51st World Juniors"]
[Site "Athens GRE"]
[Date "2012.08.11"]
[Round "9.29"]
[White "Codenotti, Marco"]
[Black "Zhou, Yang-Fan"]
[Result "1/2-1/2"]
[WhiteTitle "FM"]
[BlackTitle "IM"]
[WhiteElo "2314"]
[BlackElo "2430"]
[WhiteFideId "800015"]
[BlackFideId "468584"]
[EventDate "2012.08.02"]

1. e4 c5 2. Nf3 Nc6 3. c3 d5 4. exd5 Qxd5 5. d4 Bf5 6. dxc5 Qxd1+ 7. Kxd1 e6 8.
Be3 Nf6 9. Nd4 Ng4 10. b4 O-O-O 11. Nd2 Be7 12. Nxc6 Nxe3+ 13. fxe3 bxc6 14.
Ba6+ Kc7 15. Ke2 Bf6 16. Rac1 Rd7 17. Nb3 Rhd8 18. Nd4 Bg4+ 19. Kf2 e5 20. Nb3
Bh4+ 21. g3 Bg5 22. h3 Be6 23. Be2 f5 24. Rcd1 Bxb3 25. axb3 Rd2 26. h4 Bh6 27.
Rxd2 Rxd2 28. Ra1 Kb8 29. Rd1 Rc2 30. c4 Rb2 31. b5 e4 32. Rd8+ Kc7 33. Rf8 Rxb3
34. Rxf5 Bxe3+ 35. Kg2 Rb2 36. Kf1 Rb1+ 37. Kg2 Rb2 38. Kf1 Rb1+ 39. Kg2 Rb2 1/2-1/2

[Event "51st World Juniors"]
[Site "Athens GRE"]
[Date "2012.08.11"]
[Round "9.30"]
[White "Dimitrov, Radoslav"]
[Black "Kleinman, Michael"]
[Result "0-1"]
[WhiteTitle "IM"]
[BlackTitle "FM"]
[WhiteElo "2424"]
[BlackElo "2330"]
[WhiteFideId "2908549"]
[BlackFideId "2609479"]
[EventDate "2012.08.02"]

1. c4 c5 2. Nc3 Nc6 3. g3 g6 4. Bg2 Bg7 5. e3 e6 6. Nge2 Nge7 7. Nf4 O-O 8. O-O
a6 9. b3 Rb8 10. Bb2 b5 11. d3 d5 12. cxd5 exd5 13. Qe2 Be6 14. Rac1 Qd6 15. e4
Nd4 16. Qd1 Bh6 17. exd5 Bxf4 18. Ne4 Bxc1 19. Nxd6 Bxb2 20. Qd2 Bc3 21. Qg5 f6
22. Qe3 Nxd5 23. Qh6 f5 24. Rc1 Ne2+ 25. Kf1 Nxc1 26. Qxc1 Bd4 27. Qe1 Nc7 28.
Qa5 Ne8 29. Nb7 Nf6 30. h3 Bf7 31. Nd6 Bd5 32. Bxd5+ Nxd5 33. Qxa6 Rb6 34. Qa5
Rxd6 35. Qxb5 Nc3 36. Qc4+ Kg7 37. a4 Rb8 0-1

[Event "51st World Juniors"]
[Site "Athens GRE"]
[Date "2012.08.11"]
[Round "9.31"]
[White "Arvola, Benjamin"]
[Black "Firat, Burak"]
[Result "0-1"]
[BlackTitle "IM"]
[WhiteElo "2300"]
[BlackElo "2423"]
[WhiteFideId "1506536"]
[BlackFideId "6305881"]
[EventDate "2012.08.02"]

1. e4 c5 2. Nf3 e6 3. c3 Nf6 4. e5 Nd5 5. Bc4 Nb6 6. Bb3 c4 7. Bc2 d6 8. d4 cxd3
9. Qxd3 dxe5 10. Qxd8+ Kxd8 11. Nxe5 Ke8 12. a4 Bd6 13. a5 Nd5 14. Nc4 Bc7 15.
Nbd2 f5 16. Nf3 Nc6 17. O-O Kf7 18. Re1 h6 19. Ba4 Kf6 20. b4 Nd8 21. Bb2 Nf7
22. Rad1 Nf4 23. Nce5 Ng6 24. Nd7+ Ke7 25. Nc5 e5 26. Nxb7 Bxb7 27. Rd7+ Kf6 28.
Rxc7 Bxf3 29. gxf3 Nh4 30. Rd1 Rhd8 31. a6 Rxd1+ 32. Bxd1 Rd8 33. Bb3 Ng5 34.
Bc1 Rd3 35. Kf1 Ngxf3 36. Ke2 e4 37. Rxa7 Rxc3 38. Rf7+ Kg6 39. a7 Rxc1 40. Bd1
Ra1 41. Rd7 Ne5 42. Rd5 Rxa7 43. Rxe5 Rb7 44. b5 Nf3 45. Re6+ Kg5 0-1

[Event "51st World Juniors"]
[Site "Athens GRE"]
[Date "2012.08.11"]
[Round "9.32"]
[White "Torres, Juan Camilo"]
[Black "Anwesh, Upadhyaya"]
[Result "1/2-1/2"]
[BlackTitle "IM"]
[WhiteElo "2291"]
[BlackElo "2374"]
[WhiteFideId "4405790"]
[BlackFideId "5028949"]
[EventDate "2012.08.02"]

1. d4 d5 2. c4 c6 3. Nf3 Nf6 4. Nc3 e6 5. Bg5 h6 6. Bxf6 Qxf6 7. e3 Nd7 8. Bd3
dxc4 9. Bxc4 g6 10. O-O Bg7 11. Qc2 O-O 12. Ne4 Qe7 13. Bb3 e5 14. Ng3 Kh8 15.
Rad1 f5 16. Nxe5 Nxe5 17. dxe5 Bxe5 18. Rd2 Be6 19. Rfd1 Bxb3 20. Qxb3 Rad8 21.
Rxd8 Rxd8 22. Rxd8+ Qxd8 23. f4 Bc7 24. Qxb7 Bb6 25. Nf1 Qe8 26. Kh1 Bxe3 27.
Nxe3 Qxe3 28. Qb8+ Kg7 29. Qc7+ Kf8 30. h3 Qc1+ 31. Kh2 Qxb2 32. Qxc6 Qb6 33.
Qc8+ 1/2-1/2

[Event "51st World Juniors"]
[Site "Athens GRE"]
[Date "2012.08.11"]
[Round "9.33"]
[White "Kigel, Dmytro"]
[Black "Velten, Paul"]
[Result "1-0"]
[WhiteTitle "FM"]
[BlackTitle "FM"]
[WhiteElo "2276"]
[BlackElo "2366"]
[WhiteFideId "14117932"]
[BlackFideId "681091"]
[EventDate "2012.08.02"]

1. d4 d5 2. c4 dxc4 3. e3 Nf6 4. Bxc4 a6 5. Nf3 e6 6. O-O c5 7. a3 b5 8. Ba2 Bb7
9. dxc5 Qxd1 10. Rxd1 Bxc5 11. Nbd2 Ke7 12. Nb3 Bd6 13. Na5 Bxf3 14. gxf3 Ra7
15. Bd2 Rc8 16. Bb1 Rd7 17. f4 h6 18. Kg2 g5 19. f5 Be5 20. Bb4+ Ke8 21. Rxd7
Kxd7 22. fxe6+ Kxe6 23. Ba2+ Kf5 24. Rd1 Kg6 25. Nb7 Kg7 26. Nd6 Rc2 27. Nxf7
Ng4 28. Rd2 Rxd2 29. Bxd2 Bxb2 30. Bb4 Nc6 31. Bc5 Nf6 32. Nd6 Nd7 33. Ne8+ Kh8
34. Bd6 Be5 35. Kf3 Bxd6 36. Nxd6 Nf6 37. Ke2 Kg7 38. Be6 h5 39. Kd2 Ne5 40. h3
Kf8 41. Bc8 g4 42. hxg4 Nfxg4 43. Ke2 Ke7 44. Nf5+ Kf6 45. Ng3 Nc4 46. Bxa6 h4
47. Ne4+ Ke5 48. Bxb5 Nxa3 49. Bd3 h3 50. Ng3 Nf6 51. Kf3 Kd5 52. Bf5 Ke5 53.
Bxh3 Nc4 54. Ke2 Kd6 55. Bg2 Ke6 56. f4 Nd6 57. Kd3 Ke7 58. Bf3 Nd7 59. e4 Nc5+
60. Ke3 Ne6 61. Be2 Nc5 62. e5 Nf7 63. Bc4 Nh6 64. Kd4 Nd7 65. Bd3 Ng4 66. Bf5
Ngxe5 67. fxe5 Nxe5 68. Kxe5 Kf7 69. Nh5 Kg8 70. Kf6 Kh8 71. Ng3 Kg8 72. Ne4 Kh8
73. Ng5 Kg8 74. Nf7 Kf8 75. Bh7 Ke8 76. Ne5 Kf8 77. Nd7+ Ke8 78. Ke6 Kd8 79. Kd6
Ke8 80. Bg6+ Kd8 81. Bf7 Kc8 82. Nc5 Kd8 83. Nb7+ Kc8 84. Kc6 Kb8 85. Kb6 1-0

[Event "51st World Juniors"]
[Site "Athens GRE"]
[Date "2012.08.11"]
[Round "9.34"]
[White "Caetano, Hugo Zanotti Mendonca"]
[Black "Griffiths, Ryan Rhys"]
[Result "0-1"]
[BlackTitle "FM"]
[WhiteElo "2109"]
[BlackElo "2362"]
[WhiteFideId "2119420"]
[BlackFideId "2502054"]
[EventDate "2012.08.02"]

1. d4 Nf6 2. c4 e6 3. Nf3 b6 4. a3 Ba6 5. Qc2 Bb7 6. Nc3 c5 7. dxc5 bxc5 8. e4
Nc6 9. Be3 Ng4 10. Bf4 Nd4 11. Qd1 Qf6 12. Bg3 Nxf3+ 13. gxf3 Ne5 14. Be2 a6 15.
Bxe5 Qxe5 16. Qd2 g5 17. O-O-O Bc6 18. Kb1 Be7 19. Bd3 Rb8 20. Ka2 h5 21. Bc2
Qc7 22. Ba4 Bf6 23. Bxc6 Qxc6 24. f4 Rg8 25. e5 Bg7 26. Ne4 Bxe5 27. fxe5 Qxe4
28. Qxd7+ Kf8 29. Qd6+ Kg7 30. Qxc5 Rgc8 31. Qd4 Rxc4 32. Qd6 Rb5 33. Qxa6 Qxe5
34. Rd2 Rbc5 35. Qb6 Rc2 36. Rhd1 Qxh2 37. Qb3 Rxd2 38. Rxd2 Qf4 39. Re2 h4 40.
Qe3 Qxe3 41. Rxe3 g4 42. b4 Rc2+ 43. Kb3 Rxf2 44. b5 Rf3 45. b6 Rxe3+ 46. Kc4
Re1 0-1

[Event "51st World Juniors"]
[Site "Athens GRE"]
[Date "2012.08.11"]
[Round "9.35"]
[White "Minko, Vladimir"]
[Black "De Filomeno, Simone"]
[Result "1/2-1/2"]
[BlackTitle "FM"]
[WhiteElo "2257"]
[BlackElo "2358"]
[WhiteFideId "24146706"]
[BlackFideId "828688"]
[EventDate "2012.08.02"]

1. d4 d5 2. c4 e6 3. Nf3 Nf6 4. g3 dxc4 5. Bg2 Nc6 6. Qa4 Bb4+ 7. Bd2 Nd5 8.
Bxb4 Nxb4 9. O-O Rb8 10. Nc3 a6 11. Ne5 O-O 12. Nxc6 Nxc6 13. Bxc6 bxc6 14. Qxc4
Qd6 15. e3 Rxb2 16. Rab1 Rxb1 17. Rxb1 e5 18. dxe5 Qxe5 19. Qxc6 h6 20. Rd1 Bh3
21. Rd5 Qe7 22. Qxa6 Qb4 23. Qd3 Qb2 24. Rb5 Qc1+ 25. Nd1 Re8 26. f3 g6 27. Rb1
Qc6 28. e4 Ra8 29. Rb2 Qc5+ 30. Qe3 Qc4 31. Qe2 Qd4+ 32. Nf2 Be6 33. Kg2 c5 34.
Rd2 Qa1 35. Qe3 c4 36. f4 Rxa2 37. Rxa2 Qxa2 38. f5 gxf5 39. Qxh6 Qa8 40. Qg5+
Kh7 41. Qh5+ Kg7 42. Qg5+ Kf8 43. Qf6 Qa5 44. exf5 Qd5+ 45. Kg1 Bxf5 46. Qc3 Ke7
47. h4 Kd7 48. h5 Bd3 49. h6 Qd6 50. Qg7 Bg6 51. Qc3 Qd5 52. Kf1 Bd3+ 53. Kg1
Qd6 54. Qg7 Bg6 55. Qc3 Qe6 56. Kf1 1/2-1/2

[Event "51st World Juniors"]
[Site "Athens GRE"]
[Date "2012.08.11"]
[Round "9.36"]
[White "Stanciu, Alexandru-Ovidiu"]
[Black "Dounis, Alexandros"]
[Result "1-0"]
[WhiteElo "2342"]
[BlackElo "2298"]
[WhiteFideId "1217674"]
[BlackFideId "4213238"]
[EventDate "2012.08.02"]

1. e4 e5 2. Nf3 Nc6 3. Bc4 Bc5 4. d3 Nf6 5. Bb3 d6 6. c3 Bb6 7. Nbd2 Ne7 8. Nc4
Ng6 9. h3 O-O 10. O-O h6 11. Re1 Re8 12. a4 c6 13. Nxb6 axb6 14. Be3 b5 15. axb5
Rxa1 16. Qxa1 cxb5 17. Qa7 Nh5 18. d4 Nhf4 19. dxe5 dxe5 20. Qb6 Qd3 21. Rd1
Qxe4 22. Rd8 Rf8 23. Bxf7+ Kxf7 24. Qc7+ Kg8 25. Rxf8+ Nxf8 26. Qxc8 Qd5 27. Kh2
Ne6 28. Qb8 e4 29. Ne5 Kh7 30. Nf7 Ng6 31. Qd6 Qf5 32. Qd7 Kg8 33. Nd6 Qe5+ 34.
Kh1 Nef4 35. Qf7+ Kh7 36. Ne8 Ne6 37. Qxb7 Nh4 38. Qf7 Nf5 39. Bb6 Ng5 40. Qd7
Qf4 41. Nf6+ Kg6 42. Qe8+ Nf7 43. Nxe4 Kh7 44. Nf6+ Kg6 45. Ng4 Kh7 46. Qxb5
N7d6 47. Qd3 Kh8 48. Be3 Qa4 49. b4 Qc6 50. Ne5 Qb7 51. Kh2 Qc7 52. Bf4 Qa7 53.
Ng6+ Kh7 54. Bxd6 Kxg6 55. g4 Qxf2+ 56. Kh1 Qe1+ 57. Kg2 1-0

[Event "51st World Juniors"]
[Site "Athens GRE"]
[Date "2012.08.11"]
[Round "9.37"]
[White "Kourkoulos-Arditis, Stamatis"]
[Black "Malikentzos, Sotirios"]
[Result "1-0"]
[BlackTitle "FM"]
[WhiteElo "2109"]
[BlackElo "2337"]
[WhiteFideId "4221990"]
[BlackFideId "4215079"]
[EventDate "2012.08.02"]

1. e4 c6 2. d4 d5 3. e5 Bf5 4. Nf3 e6 5. Be2 c5 6. Be3 cxd4 7. Nxd4 Ne7 8. Nd2
Nbc6 9. N2f3 Bg4 10. O-O Bxf3 11. Nxf3 g6 12. c3 Bg7 13. Bf4 h6 14. g4 g5 15.
Bg3 Ng6 16. Re1 Qc7 17. Bb5 a6 18. Bxc6+ bxc6 19. Qd2 O-O 20. h4 gxh4 21. Nxh4
Nxh4 22. Bxh4 Bxe5 23. Qxh6 Bg7 24. Qh5 e5 25. Re3 Rfe8 26. Rae1 Re6 27. Bg5
Rae8 28. Rf3 Rg6 29. Rf5 Ree6 30. Re3 e4 31. Rh3 Rh6 32. Bxh6 Rxh6 33. Qxh6 Bxh6
34. Rxh6 e3 35. Rh3 Qb6 36. Rxe3 Qxb2 37. Ref3 Qxa2 38. Rxf7 Qc4 39. R7f4 Qc5
40. g5 Kg7 41. g6 Qa3 42. Rg4 Qc1+ 43. Kg2 Qd1 44. Rf7+ Kg8 45. Rb4 1-0

[Event "51st World Juniors"]
[Site "Athens GRE"]
[Date "2012.08.11"]
[Round "9.38"]
[White "Grandadam, Nicolas"]
[Black "Zeppos, Panagiotis"]
[Result "1/2-1/2"]
[WhiteTitle "FM"]
[WhiteElo "2333"]
[BlackElo "1978"]
[WhiteFideId "681806"]
[BlackFideId "4228383"]
[EventDate "2012.08.02"]

1. Nf3 Nf6 2. c4 g6 3. Nc3 Bg7 4. e4 d6 5. d4 O-O 6. Be2 c5 7. O-O Re8 8. Be3
Ng4 9. Bg5 h6 10. Bh4 cxd4 11. Nxd4 Bxd4 12. Qxd4 e5 13. Bxd8 exd4 14. Nd5 Rxd8
15. Nc7 Nf6 16. Nxa8 Ne8 17. a4 Nc6 18. a5 Be6 19. a6 Rxa8 20. axb7 Rb8 21. Ra6
Bd7 22. b4 Nc7 23. Ra4 Rxb7 24. b5 Nb8 25. Rd1 Ne6 26. Rda1 a6 27. bxa6 Ra7 28.
Rb1 Nxa6 29. Rb6 Nec5 30. Rxd6 Be6 31. Rxd4 1/2-1/2

[Event "51st World Juniors"]
[Site "Athens GRE"]
[Date "2012.08.11"]
[Round "9.39"]
[White "Potpara, Nikola"]
[Black "Krysa, Leandro"]
[Result "1-0"]
[BlackTitle "IM"]
[WhiteElo "2201"]
[BlackElo "2438"]
[WhiteFideId "910058"]
[BlackFideId "116807"]
[EventDate "2012.08.02"]

1. d4 Nf6 2. c4 g6 3. Nc3 Bg7 4. e4 d6 5. f3 O-O 6. Bg5 a6 7. Qd2 Nc6 8. Nge2
Rb8 9. Rc1 Bd7 10. b3 b5 11. d5 Na5 12. cxb5 axb5 13. Nd4 Qe8 14. Ncxb5 Bxb5 15.
Qxa5 Bxf1 16. Rxf1 Nxe4 17. fxe4 Bxd4 18. Bh6 Qd7 19. Bxf8 Qg4 20. Qd2 Qxe4+ 21.
Qe2 Be3 22. Rc3 Qb1+ 23. Qd1 Qe4 24. Qd3 Qxd3 25. Rxd3 Bg5 26. Rg3 h6 27. Rxg5
hxg5 28. Bh6 f6 29. h4 gxh4 30. Bd2 Rb5 31. Rf4 g5 32. Rd4 Rb8 33. Rb4 1-0

[Event "51st World Juniors"]
[Site "Athens GRE"]
[Date "2012.08.11"]
[Round "9.40"]
[White "Ladva, Ottomar"]
[Black "Valsecchi, Alessio"]
[Result "1/2-1/2"]
[BlackTitle "IM"]
[WhiteElo "2153"]
[BlackElo "2427"]
[WhiteFideId "4500024"]
[BlackFideId "818860"]
[EventDate "2012.08.02"]

1. e4 e5 2. Nf3 Nc6 3. Bb5 a6 4. Ba4 Nf6 5. O-O b5 6. Bb3 Bc5 7. Nxe5 Nxe5 8. d4
Bxd4 9. Qxd4 d6 10. f4 c5 11. Qc3 Neg4 12. e5 c4 13. exf6 O-O 14. Qd4 Re8 15. f5
Nxf6 16. Bg5 cxb3 17. axb3 Re5 18. Nc3 Bb7 19. b4 Rc8 20. Rad1 a5 21. Qxe5 dxe5
22. Rxd8+ Rxd8 23. bxa5 b4 24. Rd1 Rc8 25. Nb5 Ne8 26. Rd8 f6 27. Rxc8 Bxc8 28.
Bd2 Bxf5 29. Bxb4 Bxc2 30. Nc3 Bd3 31. Bc5 Kf7 32. b4 Nc7 33. Bb6 Nb5 34. Na4
Be4 35. Kf2 Ke7 36. g3 h5 37. Ke3 Bc6 38. Bc5+ Ke6 39. Bf8 g5 40. Bh6 Nd4 41.
Nc5+ Ke7 42. Kd3 Nf5 43. Kc4 Nxh6 44. b5 Bg2 45. b6 Nf5 46. a6 Nd6+ 47. Kc3 Kd8
48. b7 Kc7 49. Nd7 Bxb7 50. axb7 Kxb7 51. Nxf6 h4 52. gxh4 gxh4 53. Ng4 Nf7 54.
Kd3 Kc6 55. Ke4 Kd6 56. Kf5 Kd5 57. Kg6 Nd6 58. Kg5 Ke6 1/2-1/2